00454nam a22001457a 4500008004100000020001500041100002000056245010700076250001200183260003600195300001700231650001600248650002800264700001600292160317b xxu||||| |||| 00| 0 eng d a0825673696 aBrabec, Jeffrey aMusic Money and SuccessbThe insider's guide to making money in the music businesscBy Jeffrey Brabec  a7th ed. aUSAbSchirmer Trade Booksc2011 axxxvi, 559p. aMusic Trade aMusic economic aspects  aTodd Brabec